| 000 | 00949nam a2200217 a 4500 | ||
|---|---|---|---|
| 003 | 0 | ||
| 005 | 20250411112148.0 | ||
| 008 | 970101s19uu xx 00 eng d | ||
| 050 |
_aPGS HF 5822 _b.Ol45 2004 |
||
| 100 | _aOlegario, Ulabel. | ||
| 245 |
_aEffects of the endorsement of celebrities on the chioce and preference for cosmetic and hygienic products by the third and fourth Year students of Southville International School and Colleges S. Y. 2003-2004 / _cUlabel Olegario. |
||
| 260 |
_aLas PiƱas City, Philippines : _bSouthville International School and Colleges, _c2004. |
||
| 300 |
_a26 pages : _billustrations ; _c28 cm. |
||
| 504 | _aIncludes bibliographical references. | ||
| 650 |
_aAdvertising _vCosmetics. |
||
| 650 |
_aAdvertising _vTo teenagers. |
||
| 650 | _aCelebrity endorsement in advertising. | ||
| 650 |
_aConsumer behavior _vTeenagers. |
||
| 650 |
_aBrand choice _vPsychological aspects. |
||
| 942 |
_2lcc _cPASS |
||
| 999 |
_c97035 _d97035 |
||